Dilapidations the modern law and practice (Record no. 103364)

MARC details
000 -LEADER
fixed length control field 00719cam a2200217 4500
001 - CONTROL NUMBER
control field ##L125208
008 - FIXED-LENGTH DATA ELEMENTS--GENERAL INFORMATION
fixed length control field 000000n2003 000 0 eng u
020 00 - INTERNATIONAL STANDARD BOOK NUMBER
International Standard Book Number 0421872705
035 ## - SYSTEM CONTROL NUMBER
System control number (Sirsi) u125208
041 0# - LANGUAGE CODE
Language code of text/sound track or separate title eng
050 04 - LIBRARY OF CONGRESS CALL NUMBER
Classification number 346.410434 $2 18
100 1# - MAIN ENTRY--PERSONAL NAME
Personal name Dowding, Nicholas
245 00 - TITLE STATEMENT
Title Dilapidations the modern law and practice
Remainder of title second cumulative supplement to the second edition
260 ## - PUBLICATION, DISTRIBUTION, ETC.
Place of publication, distribution, etc. London
Name of publisher, distributor, etc. Sweet and Maxwell
Date of publication, distribution, etc. 2003
300 ## - PHYSICAL DESCRIPTION
Extent xxi, 98p.
Dimensions 25cm.
350 ## - PRICE (NR) (BK AM CF MU VM SE) [OBSOLETE]
Price 45
520 ## - SUMMARY, ETC.
Summary, etc. Supplement to the main work (ISBN 0421702400) bringing it up to date to 1 October 2003.
690 ## - LOCAL SUBJECT ADDED ENTRY--TOPICAL TERM (OCLC, RLIN)
Topical term or geographic name as entry element PROPERTY-LEASEHOLD PROPERTY-LANDLORD AND TENANT-DILAPIDATIONS
700 1# - ADDED ENTRY--PERSONAL NAME
Personal name Reynolds, Kirk
942 ## - ADDED ENTRY ELEMENTS (KOHA)
Suppress in OPAC 0

No items available.